| 000 | 00639nam a22001937a 4500 | ||
|---|---|---|---|
| 999 |
_c195822 _d195822 |
||
| 005 | 20230503144954.0 | ||
| 010 | _aENG-136758 | ||
| 020 |
_a9789391091125 _c299.00 |
||
| 035 | _aEN-120290 | ||
| 037 | _bDBAD/PUB | ||
| 082 | _a881 | ||
| 100 | _aAnand, Jernail Singh | ||
| 245 |
_aThe Lost Island/ _cBy Jernail Singh Anand And Ilya Shambat |
||
| 260 |
_aHaryana _bThe Poetry Society of India _c2021 |
||
| 270 |
_aH-23/16, DLF Phase -1 Gurugram _bHaryana _e122002 _mthepoetrysocietyofi@gmail.com _mmgwebguru@gmail.com |
||
| 300 |
_avi,86p.; _c21m(pbk) |
||
| 500 | _aInter continental Poetry | ||
| 942 |
_2ddc _cEN _h881 _mANA |
||